=LDR 00000nam 2200000 4500 =001 INLIS000000000045255 =005 20160418173954.0 =006 =007 =008 =020 ##$$a 978-602-221-049-8 =035 ##$$0010-011500000000081 =040 ##$$a NBPDMAT =082 ##$$a 581.5 =090 ##$$a 581.5 $b Adr m =100 ##$$a Adrian R.Nugraha =245 ##$$a Mengenal lingkungan : $b Abiotik, Air, Tanah, dan Udara / $c Adrian R.Nugraha =250 ##$$a Cet.1 =260 ##$$a Jakarta : $b Gading Permai, $c 2013 =300 ##$$a iv, 104 hlm. : $b ilus. ; $c 25 cm. =500 ##$$a Bibliografi : hlm. 104 =650 ##$$a Ekologi Alam =850 ##$$a NBPDMAT =990 ##$$a 0001/BPAP-NTB/2015 =990 ##$$a 0001/BPAP-NTB/2015 =990 ##$$a 0001/BPAP-NTB/2016 =990 ##$$a 0001/BPAP-NTB/2016 =990 ##$$a 0001/BPAP-NTB/2016